[Event "msr26ss"]
[Site "?"]
[Date "2026.03.26"]
[Round "5.1"]
[White "Skreko, Igor"]
[Black "Compel, Daniel"]
[Result "0-1"]
[BlackElo "2136"]
[WhiteElo "2204"]
[LiveChessVersion "1.4.8"]

1. d4 {[%clk 0:10:02]} Nf6 {[%clk 0:10:01]} 2. c4 {[%clk 0:10:03]} e6
{[%clk 0:10:02]} 3. Nc3 {[%clk 0:10:04]} d5 {[%clk 0:10:01]} 4. cxd5
{[%clk 0:10:05]} exd5 {[%clk 0:10:02]} 5. Bg5 {[%clk 0:10:06]} c6
{[%clk 0:10:04]} 6. e3 {[%clk 0:10:07]} Be7 {[%clk 0:10:05]} 7. Bd3
{[%clk 0:10:08]} Nbd7 {[%clk 0:10:06]} 8. Qc2 {[%clk 0:10:09]} O-O
{[%clk 0:10:06]} 9. Nf3 {[%clk 0:10:09]} Re8 {[%clk 0:10:05]} 10. O-O
{[%clk 0:10:10]} Nf8 {[%clk 0:10:06]} 11. Rab1 {[%clk 0:10:11]} a5
{[%clk 0:10:06]} 12. a3 {[%clk 0:10:11]} Ne4 {[%clk 0:09:40]} 13. Bxe7
{[%clk 0:10:08]} Qxe7 {[%clk 0:09:41]} 14. b4 {[%clk 0:10:09]} axb4
{[%clk 0:09:41]} 15. axb4 {[%clk 0:10:10]} Ng6 {[%clk 0:08:39]} 16. b5
{[%clk 0:09:54]} Bg4 {[%clk 0:06:30]} 17. Bxe4 {[%clk 0:06:39]} dxe4
{[%clk 0:06:29]} 18. Nd2 {[%clk 0:06:38]} f5 {[%clk 0:05:56]} 19. bxc6
{[%clk 0:06:38]} bxc6 {[%clk 0:05:56]} 20. h3 {[%clk 0:05:32]} Bh5
{[%clk 0:04:51]} 21. Rb6 {[%clk 0:05:27]} Rac8 {[%clk 0:04:11]} 22. Qb3+
{[%clk 0:05:11]} Kh8 {[%clk 0:04:02]} 23. Rb7 {[%clk 0:05:11]} Qg5
{[%clk 0:03:43]} 24. Kh2 {[%clk 0:04:20]} Nh4 {[%clk 0:03:04]} 25. g3
{[%clk 0:03:41]} Nf3+ {[%clk 0:02:19]} 26. Nxf3 {[%clk 0:03:41]} Bxf3
{[%clk 0:02:18]} 27. Rb1 {[%clk 0:03:28]} h5 {[%clk 0:01:44]} 28. h4
{[%clk 0:03:19]} Qg4 {[%clk 0:01:34]} 29. Qf7 {[%clk 0:02:55]} Rf8
{[%clk 0:01:27]} 30. Qd7 {[%clk 0:02:49]} Rcd8 {[%clk 0:01:19]} 31. Qxc6
{[%clk 0:02:38]} f4 {[%clk 0:01:20]} 32. exf4 {[%clk 0:02:10]} e3
{[%clk 0:01:13]} 33. Qc4 {[%clk 0:01:36]} Bxb7 {[%clk 0:00:55]} 34. Rxb7
{[%clk 0:01:36]} exf2 {[%clk 0:00:54]} 35. Kg2 {[%clk 0:01:14]} Rxf4
{[%clk 0:00:45]} 36. Qd3 {[%clk 0:00:39]} f1=Q+ {[%clk 0:00:43]} 37. Qxf1
{[%clk 0:00:39]} Rxf1 {[%clk 0:00:43]} 38. Kxf1 {[%clk 0:00:41]} Qf3+
{[%clk 0:00:44]} 0-1

[Event "msr26ss"]
[Site "?"]
[Date "2026.03.26"]
[Round "5.2"]
[White "Hitka, Dominik"]
[Black "Novomeska, Karin"]
[Result "1-0"]
[BlackElo "2014"]
[WhiteElo "2104"]
[LiveChessVersion "1.4.8"]

1. e4 {[%clk 0:10:01]} c6 {[%clk 0:10:04]} 2. Nf3 {[%clk 0:10:02]} d5
{[%clk 0:10:05]} 3. Nc3 {[%clk 0:10:04]} Nf6 {[%clk 0:10:00]} 4. e5
{[%clk 0:09:59]} Ne4 {[%clk 0:10:01]} 5. Ne2 {[%clk 0:09:44]} Qb6
{[%clk 0:10:02]} 6. d4 {[%clk 0:09:46]} e6 {[%clk 0:09:48]} 7. Nfg1
{[%clk 0:09:46]} f6 {[%clk 0:09:31]} 8. f3 {[%clk 0:09:24]} Ng5 {[%clk 0:09:30]}
9. exf6 {[%clk 0:09:10]} gxf6 {[%clk 0:09:29]} 10. c3 {[%clk 0:08:24]} Nf7
{[%clk 0:08:43]} 11. Qb3 {[%clk 0:08:05]} c5 {[%clk 0:08:27]} 12. Be3
{[%clk 0:07:33]} c4 {[%clk 0:08:13]} 13. Qc2 {[%clk 0:07:34]} Bd6
{[%clk 0:07:24]} 14. Nh3 {[%clk 0:06:50]} Nc6 {[%clk 0:06:52]} 15. Nef4
{[%clk 0:06:18]} Bd7 {[%clk 0:06:24]} 16. Be2 {[%clk 0:05:56]} Ne7
{[%clk 0:06:15]} 17. Nh5 {[%clk 0:05:51]} Nf5 {[%clk 0:05:46]} 18. Bf2
{[%clk 0:05:24]} Be7 {[%clk 0:05:04]} 19. g4 {[%clk 0:05:14]} N5d6
{[%clk 0:04:12]} 20. Ng7+ {[%clk 0:04:56]} Kd8 {[%clk 0:03:50]} 21. Nf4
{[%clk 0:04:54]} Ne8 {[%clk 0:03:31]} 22. Ngh5 {[%clk 0:04:41]} Kc7
{[%clk 0:03:18]} 23. b3 {[%clk 0:04:18]} cxb3 {[%clk 0:02:32]} 24. axb3
{[%clk 0:04:17]} Rc8 {[%clk 0:02:29]} 25. Bg3 {[%clk 0:03:52]} Bd6
{[%clk 0:02:17]} 26. O-O {[%clk 0:03:16]} Kb8 {[%clk 0:02:14]} 27. Rfc1
{[%clk 0:02:22]} Bxf4 {[%clk 0:01:39]} 28. Nxf4 {[%clk 0:02:14]} Nc7
{[%clk 0:01:40]} 29. Bf2 {[%clk 0:02:14]} Nb5 {[%clk 0:01:01]} 30. Qd3
{[%clk 0:01:52]} Nc7 {[%clk 0:00:34]} 31. c4 {[%clk 0:01:49]} f5 {[%clk 0:00:18]}
32. c5 {[%clk 0:01:01]} Qc6 {[%clk 0:00:19]} 33. Ra5 {[%clk 0:01:02]} fxg4
{[%clk 0:00:08]} 34. fxg4 {[%clk 0:01:01]} Rhg8 {[%clk 0:00:09]} 35. b4
{[%clk 0:00:52]} a6 {[%clk 0:00:05]} 36. Nh5 {[%clk 0:00:42]} e5 {[%clk 0:00:06]}
37. Qxh7 {[%clk 0:00:30]} Bxg4 {[%clk 0:00:06]} 38. Bxg4 {[%clk 0:00:16]} Rxg4+
{[%clk 0:00:07]} 39. Ng3 {[%clk 0:00:17]} e4 {[%clk 0:00:06]} 40. Qxf7
{[%clk 0:00:16]} Re8 {[%clk 0:00:07]} 41. Be3 {[%clk 0:00:17]} Reg8
{[%clk 0:00:06]} 42. Bf4 {[%clk 0:00:16]} 1-0

[Event "msr26ss"]
[Site "?"]
[Date "2026.03.26"]
[Round "5.3"]
[White "Libich, Oliver"]
[Black "Lakota, Jan"]
[Result "1-0"]
[BlackElo "1878"]
[WhiteElo "1985"]
[LiveChessVersion "1.4.8"]

1. d4 d5 2. c4 c6 3. Nc3 Nf6 4. e3 e6 5. Nf3 Nbd7 6. Qc2 Be7 7. b3 b6 8. Bd3 Bb7
9. O-O O-O 10. Bb2 Rc8 11. Rfd1 Qc7 12. Rac1 h6 13. Qe2 Qb8 14. e4 Nxe4 15. Nxe4
dxe4 16. Bxe4 Bf6 17. Bb1 Rfd8 18. Ne5 Nxe5 19. dxe5 Be7 20. Qe4 g6 21. Re1 c5
22. Qg4 Kg7 23. h4 h5 24. Qf4 Qc7 25. Re3 Rd7 26. Rg3 Qd8 27. Bc2 Bxh4 28. Rc3
Bg5 29. Qg3 Bxc1 30. Bxc1 Rd1+ 31. Bxd1 Qxd1+ 32. Kh2 Rd8 33. Qf4 Rd4 34. Qh6+
Kg8 35. Bg5 Qg4 36. Rg3 Qf5 37. Bf6 Rh4+ 38. Bxh4 Qe4 1-0

[Event "msr26ss"]
[Site "?"]
[Date "2026.03.26"]
[Round "5.4"]
[White "Kovarova, Zuzana"]
[Black "Janovsky, Samuel"]
[Result "0-1"]
[BlackElo "1825"]
[WhiteElo "1607"]
[LiveChessVersion "1.4.8"]

1. d4 {[%clk 0:10:03]} Nf6 {[%clk 0:10:03]} 2. c4 {[%clk 0:10:04]} c5
{[%clk 0:10:05]} 3. d5 {[%clk 0:10:02]} e6 {[%clk 0:10:06]} 4. Nc3
{[%clk 0:10:00]} exd5 {[%clk 0:10:03]} 5. cxd5 {[%clk 0:09:53]} d6
{[%clk 0:10:04]} 6. Bg5 {[%clk 0:09:45]} Be7 {[%clk 0:09:34]} 7. e4
{[%clk 0:09:24]} Nxd5 {[%clk 0:09:25]} 8. Bxe7 {[%clk 0:07:43]} Nxe7
{[%clk 0:09:26]} 9. Bb5+ {[%clk 0:07:27]} Bd7 {[%clk 0:09:16]} 10. Qxd6
{[%clk 0:06:46]} a6 {[%clk 0:08:47]} 11. Bxd7+ {[%clk 0:05:38]} Nxd7
{[%clk 0:08:43]} 12. Nf3 {[%clk 0:05:33]} O-O {[%clk 0:08:18]} 13. O-O
{[%clk 0:05:21]} Rc8 {[%clk 0:08:04]} 14. Rfd1 {[%clk 0:04:23]} Nb6
{[%clk 0:08:00]} 15. h3 {[%clk 0:03:38]} Qxd6 {[%clk 0:06:55]} 16. Rxd6
{[%clk 0:03:37]} Nc6 {[%clk 0:06:45]} 17. Nd5 {[%clk 0:02:53]} Nc4
{[%clk 0:05:48]} 18. Rxc6 {[%clk 0:01:40]} bxc6 {[%clk 0:05:11]} 19. Ne7+
{[%clk 0:01:41]} Kh8 {[%clk 0:05:12]} 20. Nxc8 {[%clk 0:01:42]} Rxc8
{[%clk 0:05:12]} 21. b3 {[%clk 0:01:21]} Nd6 {[%clk 0:05:12]} 22. Re1
{[%clk 0:01:16]} f6 {[%clk 0:04:30]} 23. Nd2 {[%clk 0:01:09]} Kg8
{[%clk 0:04:27]} 24. Rc1 {[%clk 0:01:04]} Nb7 {[%clk 0:04:22]} 25. Nc4
{[%clk 0:01:00]} Re8 {[%clk 0:04:07]} 26. f3 {[%clk 0:01:00]} Kf8
{[%clk 0:04:07]} 27. Kf2 {[%clk 0:01:00]} Rd8 {[%clk 0:04:01]} 28. Ke3
{[%clk 0:00:51]} Ke7 {[%clk 0:04:01]} 29. Rc2 {[%clk 0:00:41]} Rd7 30. Rd2
{[%clk 0:00:41]} Rxd2 {[%clk 0:03:33]} 31. Nxd2 {[%clk 0:00:39]} Kd6
{[%clk 0:03:19]} 32. Nc4+ {[%clk 0:00:39]} Ke6 {[%clk 0:03:16]} 33. g3
{[%clk 0:00:30]} h5 {[%clk 0:03:14]} 34. g4 {[%clk 0:00:30]} hxg4
{[%clk 0:02:53]} 35. hxg4 {[%clk 0:00:31]} g5 {[%clk 0:02:53]} 36. f4
{[%clk 0:00:27]} Nd6 {[%clk 0:02:39]} 37. Nxd6 {[%clk 0:00:26]} Kxd6
{[%clk 0:02:40]} 38. fxg5 {[%clk 0:00:22]} fxg5 {[%clk 0:02:41]} 39. Kd3
{[%clk 0:00:22]} Ke5 {[%clk 0:02:42]} 40. Ke3 {[%clk 0:00:23]} a5
{[%clk 0:02:34]} 41. a4 {[%clk 0:00:23]} Kd6 {[%clk 0:02:28]} 42. Kd3
{[%clk 0:00:22]} Ke6 {[%clk 0:02:17]} 43. Ke3 {[%clk 0:00:11]} Ke5
{[%clk 0:02:18]} 44. Kf3 {[%clk 0:00:09]} Kd4 {[%clk 0:02:18]} 45. Kg3
{[%clk 0:00:06]} Kxe4 {[%clk 0:02:19]} 46. Kf2 {[%clk 0:00:07]} Kf4
{[%clk 0:02:21]} 47. Kg2 {[%clk 0:00:08]} Kxg4 {[%clk 0:02:21]} 48. Kf2
{[%clk 0:00:10]} Kf4 {[%clk 0:02:22]} 49. Kg2 {[%clk 0:00:11]} Ke3 50. Kg3 Kd3
{[%clk 0:02:24]} 51. Kg4 {[%clk 0:00:15]} Kc3 52. Kxg5 Kxb3 {[%clk 0:02:27]} 53.
Kf4 {[%clk 0:00:14]} c4 {[%clk 0:02:29]} 54. Ke3 {[%clk 0:00:15]} c3
{[%clk 0:02:30]} 0-1

[Event "msr26ss"]
[Site "?"]
[Date "2026.03.26"]
[Round "5.5"]
[White "Oruzinsky, Juraj"]
[Black "Malaschitz, Teodor"]
[Result "1-0"]
[BlackElo "1903"]
[WhiteElo "2308"]
[LiveChessVersion "1.4.8"]

1. d4 d5 2. Nc3 Nf6 3. Bf4 c6 4. e3 Bf5 5. Bd3 Bxd3 6. cxd3 e6 7. Nf3 c5 8. dxc5
Bxc5 9. d4 Bd6 10. Ne5 O-O 11. O-O a6 12. Qb3 Qe7 13. Bg5 b5 14. a4 b4 15. Ne2 a5
16. Rac1 h6 17. Bh4 g5 18. Bg3 Ne4 19. Qd3 Bxe5 20. Bxe5 f6 21. Rc7 Qd8 22. Bg3
Na6 23. Rc6 Qd7 24. Rxa6 Rxa6 25. Qxa6 Nxg3 26. Nxg3 Qxa4 27. Qxe6+ Kg7 28. Rc1
Rf7 29. h4 Qd7 30. Qxd7 Rxd7 31. hxg5 hxg5 32. b3 a4 33. bxa4 Ra7 34. Ra1 b3 35.
Rb1 Rxa4 36. Rxb3 Ra5 37. Nf5+ Kf7 38. g4 Ra7 39. Kg2 Kg6 40. Kg3 Ra1 41. Kf3 Ra2
42. Ne7+ Kf7 43. Nxd5 Ra6 44. Rb6 Ra1 45. Rxf6+ Kg7 46. Rf5 Kh6 47. Ne7 Ra7 48.
Nc6 Rd7 49. d5 Kg7 50. e4 Rb7 51. Nd4 Rb4 52. Ne6+ Kh6 53. d6 Rb3+ 54. Kg2 Rd3
55. Rd5 Ra3 56. d7 Ra7 57. d8=Q 1-0

[Event "msr26ss"]
[Site "?"]
[Date "2026.03.26"]
[Round "5.6"]
[White "Havalda, Samuel"]
[Black "Musaev, Matej Elbek"]
[Result "0-1"]
[BlackElo "2069"]
[WhiteElo "1914"]
[LiveChessVersion "1.4.8"]

1. e4 {[%clk 0:10:03]} c5 {[%clk 0:10:03]} 2. Nf3 {[%clk 0:10:04]} d6
{[%clk 0:10:05]} 3. d4 {[%clk 0:10:05]} cxd4 {[%clk 0:10:06]} 4. Nxd4
{[%clk 0:10:07]} Nf6 {[%clk 0:10:07]} 5. Nc3 a6 6. Be2 {[%clk 0:10:08]} e6
{[%clk 0:10:02]} 7. Be3 {[%clk 0:10:07]} Qc7 {[%clk 0:10:00]} 8. O-O
{[%clk 0:10:01]} Be7 {[%clk 0:09:45]} 9. f4 {[%clk 0:10:00]} b5 {[%clk 0:09:23]}
10. e5 {[%clk 0:05:23]} dxe5 {[%clk 0:09:24]} 11. Ndxb5 {[%clk 0:05:24]} axb5
{[%clk 0:08:48]} 12. Nxb5 {[%clk 0:05:24]} Qc6 {[%clk 0:06:46]} 13. fxe5
{[%clk 0:04:36]} Nd5 {[%clk 0:06:48]} 14. Nd4 {[%clk 0:02:15]} Nxe3
{[%clk 0:05:23]} 15. Nxc6 {[%clk 0:02:16]} Nxd1 {[%clk 0:05:24]} 16. Nxe7
{[%clk 0:01:30]} Kxe7 {[%clk 0:05:12]} 17. Rfxd1 {[%clk 0:01:31]} Bd7
{[%clk 0:04:50]} 18. Bf3 {[%clk 0:01:02]} Bc6 {[%clk 0:04:34]} 19. Rd6
{[%clk 0:00:56]} Bxf3 {[%clk 0:04:34]} 20. gxf3 {[%clk 0:00:57]} Rd8
{[%clk 0:04:15]} 21. Rb6 {[%clk 0:00:58]} Nd7 {[%clk 0:04:04]} 22. Rb7
{[%clk 0:00:51]} Rab8 {[%clk 0:04:06]} 23. Rxb8 {[%clk 0:00:50]} Rxb8
{[%clk 0:04:07]} 24. b3 {[%clk 0:00:49]} Nxe5 {[%clk 0:04:08]} 25. Kf2
{[%clk 0:00:50]} Kd6 {[%clk 0:03:52]} 26. a4 {[%clk 0:00:51]} Kc5
{[%clk 0:03:48]} 27. Ke3 {[%clk 0:00:51]} Nc6 {[%clk 0:03:42]} 28. c3
{[%clk 0:00:52]} Rxb3 29. Kd4+ 0-1

[Event "msr26ss"]
[Site "?"]
[Date "2026.03.26"]
[Round "5.7"]
[White "Krajcirik, Matej"]
[Black "Piussi, Maximilian"]
[Result "1-0"]
[BlackElo "1699"]
[WhiteElo "1646"]
[LiveChessVersion "1.4.8"]

1. f4 {[%clk 0:10:02]} e5 {[%clk 0:10:01]} 2. fxe5 {[%clk 0:10:02]} d6
{[%clk 0:10:02]} 3. exd6 {[%clk 0:10:00]} Bxd6 {[%clk 0:10:02]} 4. Nf3
{[%clk 0:10:01]} Bg4 {[%clk 0:10:01]} 5. g3 {[%clk 0:09:54]} Bxf3
{[%clk 0:09:11]} 6. exf3 {[%clk 0:09:55]} Bc5 {[%clk 0:09:06]} 7. Qe2+
{[%clk 0:09:44]} Ne7 {[%clk 0:09:05]} 8. Nc3 {[%clk 0:09:19]} O-O
{[%clk 0:09:01]} 9. d3 {[%clk 0:09:18]} Nd5 {[%clk 0:08:57]} 10. Nxd5
{[%clk 0:08:13]} Qxd5 {[%clk 0:08:56]} 11. Bd2 {[%clk 0:07:56]} Nc6
{[%clk 0:08:52]} 12. c4 {[%clk 0:06:45]} Qh5 {[%clk 0:07:55]} 13. O-O-O
{[%clk 0:06:18]} Rfe8 {[%clk 0:06:42]} 14. Qg2 {[%clk 0:06:19]} Bb4
{[%clk 0:06:11]} 15. Bxb4 {[%clk 0:05:24]} Nxb4 {[%clk 0:06:11]} 16. a3
{[%clk 0:05:21]} Qh6+ {[%clk 0:05:39]} 17. Qd2 {[%clk 0:05:01]} Qxd2+
{[%clk 0:05:29]} 18. Rxd2 {[%clk 0:04:55]} Nc6 {[%clk 0:04:57]} 19. Re2
{[%clk 0:04:51]} Nd4 {[%clk 0:04:56]} 20. Rxe8+ {[%clk 0:04:47]} Rxe8
{[%clk 0:04:56]} 21. f4 {[%clk 0:04:28]} Re1+ {[%clk 0:04:47]} 22. Kd2
{[%clk 0:04:29]} Nf3+ {[%clk 0:04:41]} 23. Kc2 {[%clk 0:04:06]} Nxh2
{[%clk 0:04:05]} 24. Rxh2 {[%clk 0:03:50]} Rxf1 {[%clk 0:04:05]} 25. Rg2
{[%clk 0:03:39]} f6 {[%clk 0:03:45]} 26. Kc3 {[%clk 0:03:35]} Kf7
{[%clk 0:03:46]} 27. Kd4 {[%clk 0:03:19]} g5 {[%clk 0:03:14]} 28. fxg5
{[%clk 0:02:38]} fxg5 {[%clk 0:03:15]} 29. g4 {[%clk 0:02:28]} Kg6
{[%clk 0:03:02]} 30. Ke3 {[%clk 0:02:04]} h5 {[%clk 0:02:37]} 31. gxh5+
{[%clk 0:01:55]} Kxh5 {[%clk 0:02:37]} 32. Rh2+ {[%clk 0:01:45]} Kg4
{[%clk 0:02:30]} 33. Rg2+ {[%clk 0:01:41]} Kh4 {[%clk 0:02:30]} 34. Rh2+
{[%clk 0:01:41]} Kg3 {[%clk 0:02:29]} 35. Rh7 {[%clk 0:01:11]} g4
{[%clk 0:02:25]} 36. Rxc7 {[%clk 0:01:03]} Kh2 {[%clk 0:02:06]} 37. Rh7+
{[%clk 0:00:44]} Kg2 {[%clk 0:02:06]} 38. d4 {[%clk 0:00:39]} g3 {[%clk 0:02:01]}
39. d5 {[%clk 0:00:30]} Re1+ {[%clk 0:01:58]} 40. Kd2 {[%clk 0:00:29]} Re4
{[%clk 0:01:58]} 41. Kd3 {[%clk 0:00:21]} Rg4 {[%clk 0:01:53]} 42. d6
{[%clk 0:00:15]} Kf2 {[%clk 0:01:32]} 43. Rf7+ {[%clk 0:00:15]} Ke1
{[%clk 0:01:32]} 44. Re7+ {[%clk 0:00:14]} Kd1 {[%clk 0:01:31]} 45. d7
{[%clk 0:00:09]} Rg8 {[%clk 0:01:19]} 46. Re8 {[%clk 0:00:08]} 1-0

[Event "msr26ss"]
[Site "?"]
[Date "2026.03.26"]
[Round "5.8"]
[White "Havaldova, Natalia"]
[Black "Jancovicova, Tamara"]
[Result "0-1"]
[BlackElo "1739"]
[WhiteElo "1552"]
[LiveChessVersion "1.4.8"]

1. e4 {[%clk 0:10:03]} e5 {[%clk 0:10:03]} 2. Nf3 {[%clk 0:10:04]} Nc6
{[%clk 0:10:04]} 3. Bc4 {[%clk 0:10:05]} Bc5 {[%clk 0:10:05]} 4. d3
{[%clk 0:10:05]} Nf6 {[%clk 0:10:05]} 5. Be3 {[%clk 0:10:06]} Bb6
{[%clk 0:10:06]} 6. Nbd2 {[%clk 0:10:04]} O-O {[%clk 0:10:02]} 7. O-O
{[%clk 0:10:01]} d6 {[%clk 0:10:03]} 8. c3 {[%clk 0:10:02]} Bg4 {[%clk 0:10:03]}
9. Qc2 {[%clk 0:09:47]} Na5 {[%clk 0:09:29]} 10. Bb3 {[%clk 0:09:33]} Nxb3
{[%clk 0:09:29]} 11. Qxb3 {[%clk 0:09:34]} Nd7 {[%clk 0:08:54]} 12. d4
{[%clk 0:09:06]} exd4 {[%clk 0:08:35]} 13. cxd4 {[%clk 0:09:07]} Re8
{[%clk 0:08:00]} 14. Ng5 {[%clk 0:07:35]} Be6 {[%clk 0:07:58]} 15. Qd3
{[%clk 0:06:25]} Nf6 {[%clk 0:07:32]} 16. e5 {[%clk 0:05:35]} dxe5
{[%clk 0:07:04]} 17. Nxe6 {[%clk 0:05:04]} Rxe6 {[%clk 0:06:52]} 18. Qc4
{[%clk 0:03:57]} exd4 {[%clk 0:06:01]} 19. Bf4 {[%clk 0:03:30]} Qd7
{[%clk 0:05:39]} 20. Rfd1 {[%clk 0:03:05]} Rae8 {[%clk 0:05:18]} 21. Kf1
{[%clk 0:02:57]} d3 {[%clk 0:03:24]} 22. Nf3 {[%clk 0:02:21]} Re2
{[%clk 0:03:01]} 23. Rxd3 {[%clk 0:02:02]} Rxf2+ {[%clk 0:02:59]} 24. Kg1
{[%clk 0:01:54]} Rc2+ {[%clk 0:02:57]} 0-1

[Event "msr26ss"]
[Site "?"]
[Date "2026.03.26"]
[Round "5.9"]
[White "Lachky, Matej"]
[Black "Elias, David"]
[Result "0-1"]
[BlackElo "2284"]
[WhiteElo "1741"]
[LiveChessVersion "1.4.8"]

1. d4 {[%clk 0:09:59]} d5 2. c4 {[%clk 0:09:59]} e6 {[%clk 0:10:00]} 3. Nc3
{[%clk 0:10:00]} c6 {[%clk 0:10:02]} 4. Bf4 {[%clk 0:09:59]} dxc4
{[%clk 0:09:50]} 5. e3 {[%clk 0:09:59]} b5 {[%clk 0:09:51]} 6. a4
{[%clk 0:10:00]} Bb4 {[%clk 0:09:41]} 7. axb5 {[%clk 0:09:49]} cxb5
{[%clk 0:09:41]} 8. Qf3 {[%clk 0:09:48]} Qd5 {[%clk 0:09:32]} 9. Bxb8
{[%clk 0:08:13]} Qxf3 {[%clk 0:09:15]} 10. Nxf3 {[%clk 0:08:09]} Rxb8
{[%clk 0:09:16]} 11. Rxa7 {[%clk 0:07:54]} Nf6 {[%clk 0:09:16]} 12. Ne5
{[%clk 0:06:56]} Bb7 {[%clk 0:07:57]} 13. f3 {[%clk 0:06:16]} Nd5
{[%clk 0:07:08]} 14. Kd2 {[%clk 0:06:02]} f6 {[%clk 0:07:08]} 15. Ng4
{[%clk 0:05:51]} O-O {[%clk 0:07:03]} 16. Be2 {[%clk 0:05:32]} Rfd8
{[%clk 0:05:54]} 17. f4 {[%clk 0:04:24]} h5 {[%clk 0:04:22]} 18. Nf2
{[%clk 0:04:07]} e5 {[%clk 0:04:22]} 19. Bf3 {[%clk 0:02:56]} exd4
{[%clk 0:03:35]} 20. Bxd5+ {[%clk 0:02:43]} Rxd5 {[%clk 0:03:16]} 21. exd4
{[%clk 0:02:40]} Rxd4+ {[%clk 0:03:13]} 22. Ke3 {[%clk 0:02:31]} Bc5
{[%clk 0:03:07]} 23. Ra5 {[%clk 0:01:39]} Re8+ {[%clk 0:02:45]} 24. Nfe4
{[%clk 0:01:13]} Rdxe4+ {[%clk 0:02:45]} 25. Kd4 0-1

[Event "msr26ss"]
[Site "?"]
[Date "2026.03.26"]
[Round "5.10"]
[White "Sekova, Olivia"]
[Black "Jancigova, Kristina Lara"]
[Result "1-0"]
[BlackElo "1733"]
[WhiteElo "2058"]
[LiveChessVersion "1.4.8"]

1. e4 {[%clk 0:10:02]} c6 {[%clk 0:10:02]} 2. d4 {[%clk 0:10:02]} d5
{[%clk 0:10:03]} 3. Nc3 {[%clk 0:10:03]} dxe4 {[%clk 0:10:01]} 4. Nxe4
{[%clk 0:10:04]} Nf6 {[%clk 0:10:00]} 5. Nxf6+ {[%clk 0:10:04]} exf6
{[%clk 0:10:00]} 6. Bc4 {[%clk 0:10:03]} Be6 {[%clk 0:09:48]} 7. Bd3
{[%clk 0:10:03]} Qxd4 {[%clk 0:09:15]} 8. Nf3 {[%clk 0:10:01]} Qd8
{[%clk 0:09:15]} 9. O-O {[%clk 0:10:00]} Bd6 {[%clk 0:08:58]} 10. Re1
{[%clk 0:09:53]} O-O {[%clk 0:08:57]} 11. Nh4 {[%clk 0:09:22]} Qc7
{[%clk 0:08:00]} 12. g3 {[%clk 0:07:04]} Nd7 {[%clk 0:07:06]} 13. Qh5
{[%clk 0:07:00]} g6 {[%clk 0:06:11]} 14. Nxg6 {[%clk 0:05:02]} fxg6
{[%clk 0:04:35]} 15. Bxg6 {[%clk 0:05:00]} Ne5 {[%clk 0:04:28]} 16. Bf5
{[%clk 0:04:16]} Bxf5 {[%clk 0:03:44]} 17. Qxf5 {[%clk 0:04:16]} Qd7
{[%clk 0:03:35]} 18. Rxe5 {[%clk 0:04:15]} Qxf5 {[%clk 0:03:10]} 19. Rxf5
{[%clk 0:04:16]} Rae8 {[%clk 0:03:00]} 20. Bh6 {[%clk 0:04:16]} Rf7
{[%clk 0:02:54]} 21. Rd1 {[%clk 0:04:13]} Bc7 {[%clk 0:02:45]} 22. Kf1
{[%clk 0:03:59]} Bb6 {[%clk 0:02:29]} 23. c4 {[%clk 0:03:37]} Bc7
{[%clk 0:02:27]} 24. Rd4 {[%clk 0:02:57]} Kh8 {[%clk 0:01:57]} 25. Rd3
{[%clk 0:02:27]} Be5 {[%clk 0:01:48]} 26. Re3 {[%clk 0:02:24]} Rfe7
{[%clk 0:01:41]} 27. Bf4 {[%clk 0:02:02]} Bxb2 {[%clk 0:01:35]} 28. Rb3
{[%clk 0:01:53]} Bd4 {[%clk 0:01:20]} 29. Rd3 {[%clk 0:01:44]} Be5
{[%clk 0:01:16]} 30. Bxe5 fxe5 {[%clk 0:01:04]} 31. Rd6 {[%clk 0:01:41]} Kg7
{[%clk 0:01:03]} 32. Ke2 {[%clk 0:01:40]} Re6 {[%clk 0:01:04]} 33. Rd7+
{[%clk 0:01:32]} R8e7 {[%clk 0:01:05]} 34. Rxe7+ {[%clk 0:01:31]} Rxe7
{[%clk 0:01:05]} 35. Ke3 {[%clk 0:01:32]} Kg6 {[%clk 0:01:05]} 36. Ke4
{[%clk 0:01:32]} Rd7 {[%clk 0:00:57]} 37. Rxe5 {[%clk 0:01:25]} Kf6
{[%clk 0:00:58]} 38. Rf5+ {[%clk 0:01:25]} Ke6 {[%clk 0:00:58]} 39. Rh5
{[%clk 0:01:25]} Rf7 {[%clk 0:00:56]} 40. Rh6+ {[%clk 0:01:24]} Ke7 41. f4
{[%clk 0:01:26]} a6 {[%clk 0:00:52]} 42. c5 {[%clk 0:01:26]} a5 {[%clk 0:00:52]}
43. a4 {[%clk 0:01:26]} Kd7 {[%clk 0:00:50]} 44. Rh5 {[%clk 0:01:22]} Ke6
{[%clk 0:00:48]} 45. Re5+ {[%clk 0:01:23]} Kd7 {[%clk 0:00:46]} 46. g4
{[%clk 0:01:24]} Kc7 {[%clk 0:00:40]} 47. h4 {[%clk 0:01:25]} b6 {[%clk 0:00:40]}
48. f5 {[%clk 0:01:25]} b5 {[%clk 0:00:36]} 49. axb5 {[%clk 0:01:03]} cxb5
{[%clk 0:00:37]} 50. g5 {[%clk 0:01:01]} a4 {[%clk 0:00:35]} 51. g6
{[%clk 0:01:02]} hxg6 {[%clk 0:00:36]} 52. fxg6 {[%clk 0:01:03]} Rg7
{[%clk 0:00:30]} 53. h5 {[%clk 0:01:05]} a3 {[%clk 0:00:30]} 54. Kd3
{[%clk 0:01:02]} a2 {[%clk 0:00:25]} 55. Re1 {[%clk 0:01:03]} Kc6
{[%clk 0:00:23]} 56. Rc1 {[%clk 0:00:55]} b4 {[%clk 0:00:18]} 57. Kc4
{[%clk 0:00:57]} Ra7 58. Ra1 {[%clk 0:00:34]} b3 {[%clk 0:00:13]} 59. Kxb3
{[%clk 0:00:35]} Kxc5 {[%clk 0:00:13]} 60. h6 {[%clk 0:00:34]} Kd5 1-0